Normal view MARC view

Entry Personal Name

Number of records used in: 1

001 - CONTROL NUMBER

  • control field: 775009

003 - CONTROL NUMBER IDENTIFIER

  • control field: OSt

005 - DATE AND TIME OF LATEST TRANSACTION

  • control field: 20250508163252.0

008 - FIXED-LENGTH DATA ELEMENTS

  • fixed length control field: 250508|| aca||aabn | a|a d

040 ## - CATALOGING SOURCE

  • Original cataloging agency: OSt
  • Transcribing agency: OSt

100 ## - HEADING--PERSONAL NAME

  • Personal name: Dubey Ramjee

670 ## - SOURCE DATA FOUND

  • Source citation: Work cat.: (OSt)1381912: Dubey Ramjee, Appraisal of the national goals laid down in kothari commission (1964-66) from the point of view of the attainment of socialistic pattern of society in India, 1986
Copyright @ Delhi University Library System